Singer Younger - Statistics

General Stats
  • This quiz has been taken 9 times
  • The average score is 7 of 16
Answer Stats
Picture Answer % Correct
Ed Sheeran
100%
Beyonce
78%
Billie Eilish
67%
Justin Bieber
56%
Liam Payne
44%
Olivia Rodrigo
44%
Tyler the creator
44%
Freddie Mercury
33%
Harry Styles
33%
Katy Perry
33%
Niall Horan
33%
Zayn Malik
33%
Elton John
22%
Eminem / Marshall Mathers
22%
Lana del Rey
22%
Louis Tomlinson
22%
No matching quizzes found
Score Distribution
Percent of People with Each Score
Percentile by Number Answered
Your Score History
You have not taken this quiz